| 000 | 00755nam a2200229Ia 4500 | ||
|---|---|---|---|
| 008 | 191130s2009##################000#0#eng## | ||
| 020 | _a9781405179416 | ||
| 022 | _a2008053365 | ||
| 040 |
_aACL _cACL |
||
| 082 | _a150.2373 DAV | ||
| 245 |
_aYour career in psychology : putting your graduate degree to work _cedited by Stephen F. Davis, Peter J. Giordano, Carolyn A. Licht |
||
| 260 |
_aChichester, U.K. ; Malden, MA _bWiley-Blackwell _cc2009 |
||
| 300 | _axiv, 306 p. : ill. ; 26 cm | ||
| 500 | _aIncludes indexes | ||
| 650 | _aPsychology - Vocational guidance | ||
| 700 | _aDavis, Stephen F | ||
| 700 | _aGiordano, Peter J | ||
| 700 | _aLicht, Carolyn A | ||
| 990 | _a8180e7abac10000c001211d7c9d42297 | ||
| 991 | _a195823 | ||
| 999 |
_c91216 _d91216 |
||